000 00661cam a2200193 a 4500
001 000004656
005 20200929151458.0
008 840121s1971 sp 001 0 spa
040 _aDO-SdBNP
_bspa
_cBNPHU
082 _aAr860.4
_bG931n
100 1 _aGuereña, Jacinto Luis,
_d1915-[2009].
_913587
245 1 0 _aNarrativa francesa :
_b1850-1970 /
_cJacinto Luis Guereña.
260 _aMadrid :
_bE.P.S.A.,
_c1971.
300 _a224 p. ;
_c17 cm.
490 1 _aPanoramas
_v3-p
490 1 _aGrandes Escritores Comteporáneas ;
_vno. 47.
650 4 _aLiteratura argentina
_xHistoria y crítica
_913588
830 0 _aGrandes Escritores Comteporáneas ;
_vno. 47.
_913589
999 _c4462
_d4462